[Event "Longueuil CC-ch"]
[Site "Longueuil"]
[Date "1989.05.12"]
[Round "4"]
[White "Reiner, Thomas"]
[Black "Charest, Johanne"]
[Result "1-0"]
[WhiteElo "1524"]
[BlackElo "1630"]
[PlyCount "79"]
[EventDate "1989.04.21"]
[EventType "swiss"]
[EventRounds "7"]
[EventCountry "CAN"]
[SourceTitle "EXT 2022"]
[Source "ChessBase"]
[SourceDate "2021.10.06"]
[SourceVersion "1"]
[SourceVersionDate "2021.10.06"]
[SourceQuality "1"]

1. d4 d5 2. c4 c6 3. cxd5 cxd5 4. Nc3 Nf6 5. Bf4 Nc6 6. e3 a6 7. Bd3 e6 8. a3 Bd6 9. Bg3 e5 10. dxe5 Bxe5 11. Nge2 0-0 12. 0-0 Re8 13. Bh4 Qd6 14. Bg3 Bg4 15. Qd2 Rad8 16. Bxe5 Nxe5 17. Nd4 Qd7 18. Nce2 Ne4 19. Bxe4 dxe4 20. Ng3 Bh3 21. Qc2 Bg4 22. Nxe4 h6 23. Ng3 Bh3 24. gxh3 g6 25. f4 Rc8 26. Qb3 Nc4 27. Rfe1 Qxh3 28. f5 g5 29. Qxb7 Nxe3 30. Rxe3 Rxe3 31. Qxc8+ Kh7 32. Qc7 Kh8 33. Qd8+ Kh7 34. Qd6 h5 35. Kf2 Re8 36. Nge2 Qe3+ 37. Kf1 Qh3+ 38. Ke1 Qh4+ 39. Kd2 Qf2 40. Qg3 1-0